000 01438nam0a2200373 4500
001 RU\NLR\BIBL_A\012476965
005 20210428155923.0
010 _a978-5-91574-039-5
021 _aRU
_bКН-П-20-071562
_9КН-П-20-5383
035 _a(NLR Aleph) 012476965
035 _a(RuMoRGB)010476853
090 _a12109437
_c12109437
100 _a20210317d2020 k y0rusy50 ca
101 0 _arus
102 _aRU
105 _ay|||z|||000zy
181 0 _ai
_baxxe
182 0 _an
200 1 _aТишина и свет в суете мирской
_fпротоиерей Константин Волков
203 _aТекст
_bвизуальный
_cнепосредственный
210 _aМосква
_cВегаПринт
_d2020
215 _a414, [2] с.
_d22
320 _aБиблиогр.: с. 412-413
606 _aБогословие православное нравственное
_92077107
_3RU\NLR\AUTH\661252603
606 1 _aРелигиозная философия
_yРоссия
_z20 - 21 вв.
_92506437
_3RU\NLR\AUTH\661486204
686 1 _aЮ3(2)7-678
686 2 _aЭ372.24-43
700 1 _aВолков
_bК. Г.
_cсвященнослужитель
_f1962-
_gКонстантин Геннадиевич
_9138977
_3RU\NLR\AUTH\770139012
942 _cBOOK
980 _aNBR
980 _aNB